| 000 | 00486nmm a2200169Ia 4500 | ||
|---|---|---|---|
| 008 | 251105s9999||||xx |||||||||||||||||und|| | ||
| 020 | _a9788496813090 | ||
| 041 | _aspa | ||
| 100 | _aPerea, Alicia (ed.) | ||
| 245 | 0 | _aSeres soñados. Arqueologías imposibles | |
| 264 |
_a[Madrid, España] : _bEdiciones Polifemo, _c2007 |
||
| 300 | _a212 páginas | ||
| 490 | _aEspejo navegante | ||
| 650 | _aArcheology | ||
| 856 | _uhttps://public.digitaliapublishing.com/a/18949 | ||
| 942 | _cCF | ||
| 999 |
_c90078 _d90078 |
||